000 00556nam a2200193Ia 4500
005 20230111113255.0
008 131103s9999 xx 000 0 und d
040 _aLoreto College
041 _aEnglish
082 _a814.3
_bEME
100 _aEmerson,Ralph Waldo
245 _aEssays
_b first and second series
_cRalph Waldo Emerson; with an introduction by Shiv Kumar
260 _aNew Delhi
_bEurasia Publishing
_c1965
300 _axv,446 p.
650 _aAmerican Essays - 19th Century
700 _aKumar,Shiv
850 _aLCLIB
942 _cBK
999 _c12110
_d62589